Plánovanie vyučovania telesnej výchovy na 1. stupni základnej školy

Podrobná bibliografia
Hlavný autor: Sivák, Jozef (PhDr., CSc.) (Autor)
Médium: Kniha
Jazyk:slovenčina
Fyzický popis:16 s. Tab. 29 cm
Vydavateľské údaje: Bratislava Metodické centrum mesta Bratislavy 1996
ISBN:8071641243
Predmet:

MARC

LEADER 00000nam a2200000 a 4500
001 vtls001183005
003 SK-MaSNL
005 20260301002709.0
008 240509s1996 xo p r y slo
015 |a SNBA1996/0601574 
020 |a 8071641243  |c (140 výt.) 
035 |a SNK000126054 
035 |a urn:nbn:sk:snk-amlp5d 
035 |a urn:nbn:sk:snk-am00c2na 
035 |a 33952BA3-0FCA-4C4C-9727-1457D2E37FC7 
040 |a SNK  |b slo  |c SNK  |e AACR2 
041 0 |a slo 
044 |a xo  |c SK 
080 |a 371.214.112:372.879.6(075.8)  |2 1981 
080 |a 372.879.6(075.8)  |2 1981 
100 1 |a Sivák, Jozef  |c (PhDr., CSc.)  |4 aut  |9 230472 
245 1 |a Plánovanie vyučovania telesnej výchovy na 1. stupni základnej školy  |c Jozef Sivák 
260 |a Bratislava  |b Metodické centrum mesta Bratislavy  |c 1996 
300 |a 16 s.  |b Tab.  |c 29 cm 
650 0 7 |a výchova telesná  |x plány učebné  |x školy základné (1. stupeň)  |2 SNK  |9 282955 
650 0 7 |a plány učebné  |x výchova telesná  |x školy základné (1. stupeň)  |2 SNK  |9 282956 
655 7 |a Textbooks (higher)  |2 SNKPHeng  |9 276436 
655 7 |a učebnice vysokých škôl  |2 SNKPH  |9 70191 
655 7 |a príručky  |2 SNK  |9 74364 
919 |a 80-7164-124-3 
958 0 7 |a RM 
999 |c 537898  |d 539828 
952 |t P60, <09>, [BOOK], {629}  |a SNK  |b SNK  |y NEVYP  |7 0  |o snkB 327  |i snk1065/960313  |0 0  |1 0  |4 0  |d 1996-03-12  |l 0  |r 2005-01-01 00:00:00  |w 2026-02-23 
952 |t P60, <03>, [BOOK], {603}  |a SNK  |b SNK  |y PREZ  |7 0  |p 17A0000932  |o snkSB 55239  |i snkKSP 2744/96  |0 0  |1 0  |4 0  |d 1996-03-12  |f 1  |l 0  |r 2025-03-28 00:00:00  |w 2026-02-23 
952 |t P60, <04>, [BOOK], {604}  |a SNK  |b SNK  |y VYP  |7 0  |p 17A0000933  |o snkSB 55239 D1  |i snkKSP 2745/96  |0 0  |1 0  |4 0  |d 1996-03-12  |l 0  |r 2005-01-01 00:00:00  |w 2026-02-23